English alive (Record no. 25276)

MARC details
000 -LEADER
campo de control de longitud fija 00524ntaaa2200205 4500
003 - IDENTIFICADOR DE NÚMERO DE CONTROL
campo de control 01
005 - FECHA Y HORA DE LA ÚLTIMA TRANSACCIÓN
campo de control 20251027203003.0
008 - DATOS DE LONGITUD FIJA--INFORMACIÓN GENERAL
campo de control de longitud fija 0714s1973 ag 01
040 ## - FUENTE DE CATALOGACIÓN
Centro catalogador/agencia de origen AR-BaBN
Lengua de catalogación spa
Centro/agencia transcriptor AR-BaBN
Normas de descripción aacr
Centro/agencia modificador RIC
082 ## - NÚMERO DE LA CLASIFICACIÓN DECIMAL DEWEY
Número de clasificación 428.0000 En3a
100 ## - ENTRADA PRINCIPAL--NOMBRE DE PERSONA
Nombre de persona R. de Genijovich, Rosa R
245 ## - MENCIÓN DEL TÍTULO
Título English alive
250 ## - MENCION DE EDICION
Mención de edición 1 ed.
260 ## - PUBLICACIÓN, DISTRIBUCIÓN, ETC.
Lugar de publicación, distribución, etc. Buenos Aires :
Nombre del editor, distribuidor, etc. Editorial Kapelusz,
Fecha de publicación, distribución, etc. 1972
300 ## - DESCRIPCIÓN FÍSICA
Extensión 89 p
700 ## - ENTRADA AGREGADA--NOMBRE PERSONAL
Nombre de persona Barrenechea, María V.F.
700 ## - ENTRADA AGREGADA--NOMBRE PERSONAL
Nombre de persona Barral de Berretta, María E
700 ## - ENTRADA AGREGADA--NOMBRE PERSONAL
Nombre de persona Otros,
9 (RLIN) 13169
942 ## - ELEMENTOS DE ENTRADA SECUNDARIOS (KOHA)
Tipo de ítem Koha Colección General
Holdings
Estatus retirado Estado de pérdida Estado de daño No para préstamo Biblioteca de origen Biblioteca actual Fecha de adquisición Número de inventario Total de préstamos Signatura topográfica completa Código de barras Visto por última vez Precio de reemplazo Tipo de ítem Koha
        Biblioteca Pluis Biblioteca Pluis 27/10/2025 32396   428.0000 En3a 32396 27/10/2025 27/10/2025 Colección General